Slovensko v EÚ 2016 veda a technika

Salvato in:
Dettagli Bibliografici
Natura: Libro
Lingua:slovacco
inglese
Pubblicazione: Bratislava Štatistický úrad Slovenskej republiky 2016
Soggetti:
Tags: Aggiungi Tag
Nessun Tag, puoi essere il primo ad aggiungerne!!

MARC

LEADER 00000nlm a2200000 4500
001 0222173
005 20251210075717.3
020 |a 978-80-8121-469-1 
041 0 |a slo 
041 0 |a eng 
044 |a SK 
245 1 0 |a Slovensko v EÚ 2016  |b veda a technika 
264 1 |a Bratislava  |b Štatistický úrad Slovenskej republiky  |c 2016 
300 |a 43 s. 
500 |a Zdroj dokumentu: Štatistický úrad SR 
610 2 0 |a Slovensko 
610 2 0 |a Európska únia 
610 2 0 |a veda 
610 2 0 |a technika 
610 2 0 |a výskum 
610 2 0 |a vývoj 
610 2 0 |a zamestnanci 
610 2 0 |a patenty 
610 2 0 |a známky ochranné 
610 2 0 |a inovácia